000 00393nam a22001571a 4500
020 _a9788126306336
082 _aH7
_bHAR/J
100 _aHarishankar Parsai
245 _aJaise unke din phire/
_cby Harishankar Parsai
260 _aNew Delhi:
_bBharatiya Jnanpith,
_c2001.
300 _a112p.
650 _aSatires Hindi
650 _aLiterature Hindi
650 _aLiterature
942 _cBK
999 _c21391
_d21391